000 00881nam a2200229 a 4500
001 000012764
005 20240306073902.0
008 091117s2004 dr abcd 000 0 spa d
020 _a8482616854
040 _aDO-SdBNP
_bspa
_cBNPHU
082 _axxxx
_bM425
245 0 0 _aMatemáticas 7 /
_cdirección editorial Obdulia García de Escobar ; ilustración Juan Pablo Laureano ; editor Andrés Molina Moloon.
260 _aSanto Domingo :
_bSantillana,
_c2004.
300 _a191 p. :
_bil., map., retrs., diagr. ;
_c28 cm.
490 1 _aÁmbar
500 _aEste libro ha sido realizado de conformidad con el currículum vigente y ha sido sometido a la aprobación de la SEE
700 1 _aGarcía Escobar, Obdulia de
_edir. ed.
_929220
700 1 _aLaureano, Juan Pablo,
_eil.
_929559
700 1 _aMolina Moloon, Andrés,
_eed.
_96595
830 0 _aÁmbar
_96599
049 _aBNPD
999 _c12415
_d12415